Hipo et Seb - Jamais commencé - Statistiques

Statistiques générales
  • Ce quiz a été pris 4 fois
  • Le résultat moyen est 286 sur 446
Statistiques - réponses
Paroles % Correct
a
100%
à
100%
abdiqué
100%
Alors
100%
années
100%
Avec
100%
ça
100%
Carrément
100%
Cauchemar
100%
celle
100%
c'est
100%
C'est
100%
comme
100%
commencé
100%
coup
100%
d'
100%
Dans
100%
dans
100%
de
100%
De
100%
décadence
100%
depuis
100%
Depuis
100%
des
100%
deuxième
100%
du
100%
Elias
100%
en
100%
et
100%
Et
100%
fin
100%
flop
100%
Hipo
100%
j'ai
100%
J'ai
100%
jamais
100%
Jamais
100%
j'suis
100%
jsuis
100%
la
100%
La
100%
latence
100%
le
100%
les
100%
l'espace
100%
M
100%
ma
100%
n'est
100%
100%
ou
100%
Ouais
100%
oublié
100%
pas
100%
100%
peau
100%
peur
100%
poches
100%
que
100%
rap
100%
retour
100%
s'arrête
100%
se
100%
Seb
100%
sous
100%
s'remplis
100%
tout
100%
Tu
100%
tu
100%
un
100%
Une
100%
Vida
100%
vu
100%
y
100%
y'a
100%
accompagné
50%
agressif
50%
ah
50%
album
50%
attendais
50%
aux
50%
beaucoup
50%
bras
50%
casquette
50%
casse
50%
consomme
50%
croient
50%
croire
50%
darons
50%
débité
50%
dérapé
50%
désolé
50%
don
50%
efficace
50%
est
50%
éternelle
50%
étonnés
50%
existe
50%
faire
50%
fait
50%
faut
50%
finit
50%
flow
50%
fou
50%
gélato
50%
hop
50%
Il
50%
ils
50%
Ils
50%
je
50%
j'les
50%
joints
50%
l'achat
50%
l'air
50%
letsgo
50%
lumière
50%
machette
50%
mais
50%
me
50%
meilleur
50%
m'entends
50%
Messi
50%
mimique
50%
Missionnaire
50%
mon
50%
monde
50%
noires
50%
nous
50%
office
50%
Ok
50%
on
50%
On
50%
ont
50%
opaque
50%
Oui
50%
Paris
50%
parle
50%
pénombre
50%
pensées
50%
périmètre
50%
petit
50%
piano
50%
piguet
50%
place
50%
plait
50%
plus
50%
prod
50%
qu'il
50%
quoi
50%
rapide
50%
refait
50%
remarque
50%
rend
50%
respecter
50%
revenir
50%
rire
50%
s'abiment
50%
sans
50%
Savais
50%
sert
50%
sont
50%
sorcière
50%
spleen
50%
star
50%
statut
50%
s'te
50%
sur
50%
sûr
50%
Sur
50%
Tanguy
50%
t'es
50%
tes
50%
toi
50%
Toi
50%
tous
50%
tréfonds
50%
trop
50%
Trop
50%
truc
50%
t'y
50%
vers
50%
visionnaire
50%
vont
50%
voulaient
50%
10
0%
avez
0%
balle
0%
bander
0%
Bandeurs
0%
bête
0%
bien
0%
bite
0%
boîte
0%
boucle
0%
bref
0%
brève
0%
camp
0%
Cap-Ferret
0%
coups
0%
d'audemars
0%
dedans
0%
délégation
0%
dépité
0%
d'euros
0%
diplômes
0%
Dom
0%
envoie
0%
être
0%
fame
0%
fasse
0%
fit
0%
fort
0%
frein
0%
galères
0%
Génération
0%
graille
0%
grandis
0%
héréditaire
0%
hérésies
0%
immiscent
0%
inédits
0%
J'aperçois
0%
J'arrête
0%
j'arrive
0%
J'crois
0%
j'étais
0%
jeu
0%
j'finit
0%
J'la
0%
J'pourrais
0%
jvais
0%
leur
0%
maintenant
0%
mal
0%
m'obsède
0%
moi
0%
mort
0%
n'ont
0%
notre
0%
numéro
0%
oblak
0%
périmés
0%
péripéties
0%
pour
0%
Pourquoi
0%
qu'à
0%
qu'ai
0%
quand
0%
rappe
0%
récit
0%
refrain
0%
rien
0%
s'apprêter
0%
Si
0%
terrain
0%
tiré
0%
tombé
0%
ton
0%
toute
0%
voient
0%
vois
0%
vous
0%
Yo
0%
Zinédine
0%
Aucun quiz correspondant
Distribution des résultats
% des personnes avec chaque résultat
Percentile par nombre de réponses
Votre historique - résultats
Vous n’avez pas pris ce quiz